| 000 | 00650cab a2200205 4500 | ||
|---|---|---|---|
| 001 | ABS48080 | ||
| 008 | 090401t1993 xxu||||| |||| 00| 0 eng d | ||
| 035 | _a(Sirsi) u64854 | ||
| 041 | _aeng | ||
| 100 | _aBechelet, J. | ||
| 245 | _aDispute resolution | ||
| 260 | _c1993 | ||
| 350 | _a0 | ||
| 490 |
_aSolicitors` Journal _v137(4) 5 February 1993, 104-105(2) |
||
| 520 | _aThe means of protecting defendants` costs and forcing a settlement when a dispute goes to court are assessed here; including open offers, Calderbank offers and payment into court. | ||
| 650 | _aCALDERBANK OFFERS | ||
| 690 | _aLAW | ||
| 942 | _n0 | ||
| 948 | _c04/03/1997 | ||
| 999 |
_c40401 _d40401 |
||